[Event "Tournament 14471 - Europe Echecs"]
[Site "Europe Echecs"]
[Date "2020.07.09"]
[Round "9"]
[Time "18:23:23"]
[PlyCount "100"]
[White "DelageKenael"]
[Black "LeclercqRobin"]
[WhiteElo "1223"]
[BlackElo "1392"]
[Mode "WEB"]
[Result "1-0"]

1. e4 Nf6 2. Nc3 d5 3. Bd3 dxe4 4. Nxe4 Nxe4 5. Bxe4 e5 6. Nf3 Bd6 7. d4 O-O 8.
dxe5 Bxe5 9. Qxd8 Rxd8 10. Nxe5 Re8 11. Bf4 f6 12. Bd5+ Kf8 13. O-O fxe5 14. Be3
c6 15. Bb3 Bf5 16. Bc5+ Re7 17. Bxe7+ Kxe7 18. Rae1 Nd7 19. f4 Kf6 20. fxe5+
Nxe5 21. h3 h5 22. Re2 Rf8 23. Ref2 Kg6 24. Be6 Bxe6 25. Rxf8 Bxa2 26. b3 Nd3
27. cxd3 Bxb3 28. Rb1 Bc2 29. Rxb7 Bxd3 30. Rxa7 c5 31. Rc7 c4 32. Rc6+ Kh7 33.
Rd8 g6 34. Rc7+ Kh6 35. Rxd3 cxd3 36. Rd7 g5 37. Rxd3 g4 38. hxg4 hxg4 39. Rg3
Kg5 40. Kf2 Kf4 41. Re3 Kf5 42. Kg3 Kg5 43. Re5+ Kf6 44. Ra5 Ke6 45. Kxg4 Kd6
46. Rh5 Kc6 47. Kf4 Kd6 48. Ke4 Ke6 49. Rh6+ Kf7 50. Kf5 {LeclercqRobin a abandonné} 1-0

[Event "Tournament 14471 - Europe Echecs"]
[Site "Europe Echecs"]
[Date "2020.07.09"]
[Round "9"]
[Time "18:23:23"]
[PlyCount "96"]
[White "Cadilhacseffin"]
[Black "LhubertPierre"]
[WhiteElo "1045"]
[BlackElo "1390"]
[Mode "WEB"]
[Result "1-0"]

1. e4 e5 2. Nf3 Nc6 3. Bc4 Nf6 4. d3 Bc5 5. c3 d6 6. h3 Be6 7. Bxe6 fxe6 8. d4
exd4 9. cxd4 Bb6 10. O-O Qd7 11. Nc3 O-O 12. Bg5 Rae8 13. Re1 d5 14. e5 Nh5 15.
Nd2 Nxd4 16. Qxh5 Nc2 17. Qg4 Nxe1 18. Rxe1 Qf7 19. Nf3 Qg6 20. Kh2 Bxf2 21. Re2
Bc5 22. Nh4 Qf7 23. Nd1 Be7 24. Rf2 Bxg5 25. Rxf7 Rxf7 26. Qxg5 Ref8 27. Qh5 Rf4
28. Nf3 R4f5 29. Qg4 Rf4 30. Qxe6+ Kh8 31. Qxd5 b6 32. e6 Re8 33. Qd7 Rff8 34.
e7 Rg8 35. Ng5 h6 36. Nf7+ Kh7 37. Ne3 g6 38. Qxc7 Rg7 39. Qd8 Rxd8 40. exd8=Q
Rxf7 41. Nd5 g5 42. Nf6+ Kg6 43. Ng4 Rf5 44. Qe8+ Kg7 45. Qe7+ Kg6 46. Ne5+ Kh5
47. g4+ Kh4 48. Ng6# {LhubertPierre est échec et mat} 1-0

[Event "Tournament 14471 - Europe Echecs"]
[Site "Europe Echecs"]
[Date "2020.07.09"]
[Round "9"]
[Time "18:23:23"]
[PlyCount "96"]
[White "BuetClovis"]
[Black "CourjalJuliett"]
[WhiteElo "1251"]
[BlackElo "1388"]
[Mode "WEB"]
[Result "1-0"]

1. e4 e5 2. Nf3 Nc6 3. Bb5 Bc5 4. Nc3 Nf6 5. O-O O-O 6. Bxc6 dxc6 7. Nxe5 Qd4 8.
Nf3 Qd8 9. d3 Bg4 10. Bg5 h6 11. Bh4 Re8 12. h3 Bh5 13. Re1 Qe7 14. e5 g5 15.
exf6 Qxf6 16. Bg3 Rxe1+ 17. Qxe1 Bxf3 18. gxf3 Qxf3 19. Qe2 Qf5 20. Qe4 Qxh3 21.
Re1 h5 22. Qg2 Qf5 23. Ne4 h4 24. Bxh4 Kh8 25. Nxc5 gxh4 26. Ne4 Rg8 27. Ng3
hxg3 28. fxg3 Qc5+ 29. Kf1 Rg6 30. Re8+ Kg7 31. Re2 Qg5 32. Kf2 Rf6+ 33. Kg1
Qc1+ 34. Kh2 Rh6+ 35. Qh3 Rxh3+ 36. Kxh3 Qh1+ 37. Kg4 Qd5 38. Kf4 Qxa2 39. b3
Qa5 40. Ke3 Qb4 41. Kf2 a5 42. Re4 Qb6+ 43. Ke2 Qc5 44. Kd2 Qg5+ 45. Kc3 Qxg3
46. Rc4 f5 47. Kd2 Qe1+ 48. Kxe1 {CourjalJuliett a perdu au temps} 1-0

[Event "Tournament 14471 - Europe Echecs"]
[Site "Europe Echecs"]
[Date "2020.07.09"]
[Round "9"]
[Time "18:23:23"]
[PlyCount "113"]
[White "LevyTheo"]
[Black "SemenovTimour"]
[WhiteElo "1375"]
[BlackElo "1227"]
[Mode "WEB"]
[Result "1/2-1/2"]

1. Nf3 Nf6 2. g3 g6 3. Bg2 Bg7 4. O-O O-O 5. d3 d5 6. Nbd2 Nbd7 7. c4 dxc4 8.
Nxc4 Re8 9. a4 e5 10. b3 a6 11. Bb2 e4 12. Nfe5 exd3 13. Nxd3 Qe7 14. e3 Nb6 15.
Nxb6 cxb6 16. Qc2 Bf5 17. Qc3 Rac8 18. Qd2 Red8 19. Bd4 Ne4 20. Qb2 Bxd4 21.
exd4 Nxg3 22. hxg3 Bxd3 23. Rfd1 Rc2 24. Qa3 Qxa3 25. Rxa3 Be2 26. Re1 Rxd4 27.
Bxb7 a5 28. Kg2 Rd1 29. Rxd1 Bxd1 30. Ra1 Rd2 31. Rb1 Rd3 32. Ba6 Bf3+ 33. Kf1
Rd5 34. Bc4 Rh5 35. Ke1 Rh1+ 36. Bf1 Bg2 37. Kd2 Rxf1 38. Rxf1 Bxf1 39. Kc3 Kf8
40. Kd4 Ke7 41. Kd5 Kd7 42. f4 f5 43. Ke5 Kc6 44. Kf6 Kc5 45. Kg7 Kb4 46. Kxh7
Kxb3 47. Kxg6 Bd3 48. Kg5 Kxa4 49. g4 fxg4 50. Kxg4 b5 51. Kf3 b4 52. Ke3 Bc2
53. Kd2 b3 54. Kc1 Bf5 55. Kb2 Kb4 56. Ka1 Ka3 {Nulle par pat} 1/2-1/2

[Event "Tournament 14471 - Europe Echecs"]
[Site "Europe Echecs"]
[Date "2020.07.09"]
[Round "9"]
[Time "18:23:23"]
[PlyCount "58"]
[White "GutcakiDaniil"]
[Black "GerardKelian"]
[WhiteElo "1373"]
[BlackElo "1056"]
[Mode "WEB"]
[Result "1-0"]

1. e4 e6 2. Nf3 d5 3. Nc3 c5 4. d4 Nc6 5. Bb5 Bd7 6. Be3 Qb6 7. exd5 exd5 8.
Bxc6 Bxc6 9. Qd3 Qxb2 10. O-O Qb6 11. Rfd1 O-O-O 12. Qf5+ Kb8 13. Ne5 Nh6 14.
Bxh6 g6 15. Qf4 Bd6 16. Qf6 Bd7 17. Qxf7 Bxe5 18. dxe5 Be6 19. Qf3 d4 20. Ne4
Bd5 21. Qf4 Rd7 22. e6+ Ka8 23. exd7 Qe6 24. Nxc5 Qc6 25. Re1 Qxd7 26. Nxd7 Rd8
27. Qc7 Rg8 28. Bf8 Bc6 29. Qb8# {GerardKelian est échec et mat} 1-0

[Event "Tournament 14471 - Europe Echecs"]
[Site "Europe Echecs"]
[Date "2020.07.09"]
[Round "9"]
[Time "18:23:23"]
[PlyCount "145"]
[White "ToussaintFlore"]
[Black "KouamMaelis"]
[WhiteElo "1391"]
[BlackElo "1182"]
[Mode "WEB"]
[Result "1/2-1/2"]

1. d4 d5 2. Bf4 c5 3. e3 Nc6 4. Nf3 cxd4 5. exd4 Bf5 6. c3 e6 7. Bd3 Nge7 8. Qe2
Bxd3 9. Qxd3 Ng6 10. Nbd2 Nxf4 11. Qb5 Nxg2+ 12. Kf1 a6 13. Qxb7 Na5 14. Qxa8
Qxa8 15. Kxg2 Nc4 16. Rab1 Nxd2 17. Nxd2 Bd6 18. Rhg1 g6 19. Nf3 Qd8 20. h4 Rg8
21. Kh1 Qf6 22. Kg2 h6 23. Rbe1 Kd7 24. Re3 g5 25. hxg5 hxg5 26. Kf1 g4 27. Ne1
g3 28. Rf3 Qh4 29. Rxf7+ Kc6 30. Ng2 Qe4 31. Ne3 Qb1+ 32. Kg2 Qe4+ 33. Rf3 gxf2+
34. Kxf2 Bg3+ 35. Ke2 Bf4 36. Rxg8 Bxe3 37. Rxe3 Qc2+ 38. Kf3 Qf5+ 39. Kg2 Qc2+
40. Kg3 Qf5 41. Rf3 Qh7 42. Rg4 Qb1 43. Rf6 Qg1+ 44. Kf4 Qf2+ 45. Kg5 Qe3+ 46.
Kg6 Qd3+ 47. Kf7 Qh7+ 48. Rg7 Qh5+ 49. Kxe6 Qe2+ 50. Kf7+ Kb5 51. Rgg6 Kc4 52.
Rc6+ Kd3 53. Rg3+ Kc2 54. Rcg6 Qf2+ 55. Kg7 Qf5 56. Rg2+ Kc1 57. Rg1+ Kxb2 58.
Rb6+ Kxc3 59. Rc1+ Kxd4 60. Rb4+ Ke5 61. Re1+ Kd6 62. Rb6+ Kc5 63. Rf6 Qg5+ 64.
Kf7 Qh5+ 65. Ke7 Qh7+ 66. Ke6 Qh3+ 67. Ke7 Qh7+ 68. Ke6 Qh3+ 69. Rf5 Qh6+ 70.
Ke5 Qh2+ 71. Ke6 Qh6+ 72. Rf6 Qh3+ {Nulle par répétition} 1/2-1/2

[Event "Tournament 14471 - Europe Echecs"]
[Site "Europe Echecs"]
[Date "2020.07.09"]
[Round "9"]
[Time "18:23:23"]
[PlyCount "100"]
[White "MaisonhauteLel"]
[Black "CoindreauElsa"]
[WhiteElo "1603"]
[BlackElo "1248"]
[Mode "WEB"]
[Result "1-0"]

1. e4 e5 2. Nf3 Nc6 3. Bc4 Nf6 4. d3 Bc5 5. c3 d6 6. O-O Bg4 7. h3 Bh5 8. b4 Bb6
9. a4 a5 10. b5 Ne7 11. Qb3 d5 12. exd5 Nfxd5 13. Nxe5 f6 14. Bxd5 Nxd5 15. Nc4
Qd7 16. Re1+ Ne7 17. Nxb6 cxb6 18. Ba3 O-O-O 19. Rxe7 Qxd3 20. Qe6+ Kb8 21. Qe4
Qd1+ 22. Qe1 Qxa4 23. Bd6+ Rxd6 24. Rxa4 Rd1 25. Qxd1 Bxd1 26. Rd4 Bc2 27. Na3
Bb3 28. Rdd7 Kc8 29. Rc7+ Kd8 30. Rxb7 Bd5 31. Rbd7+ Kc8 32. Rxd5 Rd8 33. Rxd8+
Kxd8 34. Rxg7 h6 35. Rg6 Ke7 36. Rxh6 Ke6 37. Nc4 Kd5 38. Nxb6+ Kc5 39. Rxf6
Kxb5 40. h4 a4 41. Nxa4 Kxa4 42. h5 Kb5 43. h6 Kc5 44. h7 Kd5 45. h8=Q Ke5 46.
Rf3+ Kd5 47. Qd4+ Kc6 48. Rf6+ Kb7 49. Qd7+ Kb8 50. Rf8# {CoindreauElsa est échec et mat} 1-0

[Event "Tournament 14471 - Europe Echecs"]
[Site "Europe Echecs"]
[Date "2020.07.09"]
[Round "9"]
[Time "18:23:23"]
[PlyCount "48"]
[White "PenarrubiaMaxi"]
[Black "AlunniBagarell"]
[WhiteElo "1380"]
[BlackElo "1214"]
[Mode "WEB"]
[Result "1-0"]

1. e4 e6 2. d4 d5 3. exd5 exd5 4. c4 c6 5. cxd5 cxd5 6. Bb5+ Bd7 7. Bxd7+ Nxd7
8. Nf3 Ngf6 9. O-O Bd6 10. Re1+ Be7 11. Nc3 O-O 12. Nb5 Qb6 13. Qb3 Rfe8 14. Bf4
Rac8 15. Rac1 Bd8 16. Rxc8 Rxe1+ 17. Nxe1 h6 18. Nd6 Qa5 19. Kf1 Ne4 20. Qb5
Qxa2 21. Qxd7 Qxb2 22. Rxd8+ Kh7 23. Qf5+ g6 24. Qxf7# {AlunniBagarell est échec et mat} 1-0

[Event "Tournament 14471 - Europe Echecs"]
[Site "Europe Echecs"]
[Date "2020.07.09"]
[Round "9"]
[Time "18:23:23"]
[PlyCount "38"]
[White "BelghoulMeyer"]
[Black "TrogerEmma"]
[WhiteElo "1371"]
[BlackElo "1122"]
[Mode "WEB"]
[Result "1-0"]

1. e4 d6 2. d4 Nf6 3. Nc3 g6 4. f3 c6 5. Be3 b5 6. Qd2 Bg7 7. O-O-O Na6 8. Bh6
O-O 9. g4 Nb4 10. h4 Qa5 11. h5 Nxa2+ 12. Nxa2 Qxa2 13. Qe3 c5 14. hxg6 c4 15.
Bxg7 Kxg7 16. Qh6+ Kg8 17. gxh7+ Kh8 18. Qxf8+ Ng8 19. Qxg8# {TrogerEmma est échec et mat} 1-0

[Event "Tournament 14471 - Europe Echecs"]
[Site "Europe Echecs"]
[Date "2020.07.09"]
[Round "9"]
[Time "18:23:23"]
[PlyCount "78"]
[White "FaidoliYannis"]
[Black "LemoalImran"]
[WhiteElo "1333"]
[BlackElo "1047"]
[Mode "WEB"]
[Result "1-0"]

1. e4 e5 2. Nf3 Nc6 3. Bb5 d6 4. h3 Bd7 5. O-O Nf6 6. Re1 g6 7. c3 Bg7 8. d4 a6
9. Ba4 b5 10. Bb3 O-O 11. Bg5 h6 12. Bh4 g5 13. Bg3 exd4 14. cxd4 Re8 15. Nc3
Re7 16. h4 Qe8 17. Bc2 Bg4 18. d5 Nb4 19. Bb1 a5 20. a3 Na6 21. Bc2 Nc5 22. Qe2
b4 23. axb4 axb4 24. Rxa8 Qxa8 25. Nd1 Qe8 26. Ne3 Bxf3 27. gxf3 Nh7 28. Nf5 Rd7
29. Qb5 Qc8 30. Qxb4 Qe8 31. Qc4 Rd8 32. b4 gxh4 33. Bxh4 Bf6 34. Bxf6 Nxf6 35.
bxc5 dxc5 36. Qc3 Kh7 37. Qxf6 Qg8+ 38. Kh2 Rb8 39. Qxh6# {LemoalImran est échec et mat} 1-0

[Event "Tournament 14471 - Europe Echecs"]
[Site "Europe Echecs"]
[Date "2020.07.09"]
[Round "9"]
[Time "18:23:23"]
[PlyCount "78"]
[White "ComtePanicautJ"]
[Black "BaderAntoine"]
[WhiteElo "1265"]
[BlackElo "1330"]
[Mode "WEB"]
[Result "1-0"]

1. e4 e5 2. Nf3 Nc6 3. Nc3 Bc5 4. Nxe5 Bxf2+ 5. Kxf2 Nxe5 6. Be2 Nf6 7. Rf1
Neg4+ 8. Bxg4 Nxg4+ 9. Qxg4 O-O 10. Kg1 d5 11. Qg3 dxe4 12. d3 exd3 13. cxd3 Bd7
14. Bh6 g6 15. Bxf8 Kxf8 16. Qf4 Bf5 17. Qh6+ Kg8 18. Rad1 Qd4+ 19. Kh1 Qb4 20.
Nd5 Qxb2 21. Ne7+ Kh8 22. Nxf5 gxf5 23. Rxf5 Rg8 24. Rg5 f6 25. Rxg8+ Kxg8 26.
Re1 Qb5 27. Qxf6 a5 28. Qd8+ Kg7 29. Qxc7+ Kf6 30. h3 Qxd3 31. Qe7+ Kf5 32. Qe5+
Kg6 33. Qxa5 Qg3 34. Qe5 Qf2 35. Rb1 Qxa2 36. Rb6+ Kf7 37. Rxb7+ Kg6 38. Rb6+
Kf7 39. Qc7+ {BaderAntoine a abandonné} 1-0

[Event "Tournament 14471 - Europe Echecs"]
[Site "Europe Echecs"]
[Date "2020.07.09"]
[Round "9"]
[Time "18:23:23"]
[PlyCount "52"]
[White "GheorghinFelix"]
[Black "FadilNoah"]
[WhiteElo "1310"]
[BlackElo "1113"]
[Mode "WEB"]
[Result "1-0"]

1. e4 e5 2. Nf3 Nc6 3. Bc4 Nf6 4. d3 d6 5. h3 g6 6. Bg5 Bg7 7. Nc3 O-O 8. Qd2
Nd4 9. Nxd4 exd4 10. Nd5 c6 11. Nxf6+ Bxf6 12. Bxf6 Qxf6 13. h4 Be6 14. Bxe6
Qxe6 15. h5 d5 16. hxg6 fxg6 17. Qe2 Rae8 18. f3 c5 19. O-O-O c4 20. Kb1 cxd3
21. cxd3 Rf7 22. Qc2 Qd6 23. Qb3 dxe4 24. dxe4 Rd8 25. Rxh7 Qb6 26. Qxf7# {FadilNoah est échec et mat} 1-0

[Event "Tournament 14471 - Europe Echecs"]
[Site "Europe Echecs"]
[Date "2020.07.09"]
[Round "9"]
[Time "18:23:23"]
[PlyCount "130"]
[White "CaullychurnEth"]
[Black "BourdelClement"]
[WhiteElo "1125"]
[BlackElo "1308"]
[Mode "WEB"]
[Result "1-0"]

1. e4 c5 2. Nf3 g6 3. Nc3 Bg7 4. d3 Nf6 5. Bf4 O-O 6. h3 Nc6 7. Be2 e6 8. Bd6
Re8 9. Bxc5 d6 10. Be3 d5 11. Bg5 b6 12. e5 d4 13. Nb1 Nxe5 14. Nxe5 Bb7 15. Bf3
Bxf3 16. Qxf3 Rc8 17. Bxf6 Bxf6 18. Ng4 Bg7 19. c4 dxc3 20. Nxc3 Bxc3+ 21. bxc3
Rxc3 22. Rd1 f5 23. Ne5 Qd4 24. Qe3 Qb4 25. O-O Rc2 26. Rb1 Qa5 27. Nd7 Re7 28.
Ne5 Rxa2 29. Rfc1 Ra3 30. Nc4 Qc5 31. Qxc5 bxc5 32. Nxa3 Rd7 33. Rb8+ Kf7 34.
Rd1 Kg7 35. Rc8 Rd5 36. g3 Kf6 37. Nb1 Ke5 38. Nc3 Rd4 39. Rxc5+ Kd6 40. Nb5+
Kxc5 41. Nxd4 Kxd4 42. Ra1 Kxd3 43. Rxa7 Ke4 44. Rxh7 Ke5 45. Rh6 Kf6 46. Kg2
Kg7 47. Rh4 g5 48. Ra4 Kf6 49. g4 fxg4 50. hxg4 Ke5 51. Kf3 Kf6 52. Ra5 Kg6 53.
Re5 Kf6 54. Ke4 Kg6 55. Rxe6+ Kf7 56. Ra6 Kg7 57. Kf5 Kf7 58. Kxg5 Kg7 59. f4
Kh7 60. f5 Kg7 61. Ra7+ Kg8 62. Kf6 Kh8 63. g5 Kg8 64. g6 Kf8 65. Ra8# {BourdelClement est échec et mat} 1-0

[Event "Tournament 14471 - Europe Echecs"]
[Site "Europe Echecs"]
[Date "2020.07.09"]
[Round "9"]
[Time "18:23:23"]
[PlyCount "194"]
[White "NegreMaxime"]
[Black "NavilleLea"]
[WhiteElo "1105"]
[BlackElo "1288"]
[Mode "WEB"]
[Result "1-0"]

1. e4 d5 2. exd5 Qxd5 3. Nc3 Qa5 4. d4 Nf6 5. Nf3 Bg4 6. h3 Bh5 7. Be2 c6 8. O-O
Nbd7 9. Nd2 Bxe2 10. Qxe2 e6 11. Nf3 Bb4 12. Bd2 Be7 13. a3 Qb6 14. Be3 Qxb2 15.
Qd3 Qb6 16. d5 Nc5 17. Bxc5 Bxc5 18. dxe6 fxe6 19. Na4 Qa5 20. Nxc5 Qxc5 21.
Rfe1 Kf7 22. Re3 Rad8 23. Qb3 Nd5 24. Re5 Qc3 25. Qxc3 Nxc3 26. Rae1 Rd1 27.
Rxe6 Rxe1+ 28. Rxe1 Rd8 29. Ne5+ Kg8 30. Nd3 Nd5 31. Rb1 b6 32. Kf1 Rf8 33. Ne5
Ne3+ 34. Ke2 Nxc2 35. Nxc6 Rf7 36. f3 Nxa3 37. Ra1 Nb5 38. Kd3 Rc7 39. Ne5 Rc3+
40. Ke2 Ra3 41. Rd1 Ra2+ 42. Ke3 Ra3+ 43. Kf4 Ra4+ 44. Kg3 Rd4 45. Rc1 Kf8 46.
Rc8+ Ke7 47. Nc6+ Kd7 48. Nxd4 Kxc8 49. Nxb5 a6 50. Na3 b5 51. Kf2 b4 52. Nc4
Kc7 53. Ke3 Kc6 54. Kd3 Kc5 55. Nb2 a5 56. f4 Kb5 57. Kc2 a4 58. g4 a3 59. Nd1
a2 60. Kb2 b3 61. Nc3+ Kb4 62. f5 Kc4 63. g5 Kc5 64. Ne2 Kd5 65. Ng3 Ke5 66. Ka1
Kd6 67. h4 Ke7 68. Ne4 Kf7 69. Nc5 g6 70. f6 Kf8 71. Nxb3 Kf7 72. Kxa2 Ke6 73.
Kb2 Kf7 74. Kc3 Ke6 75. Kc4 Kd6 76. Nd4 Kd7 77. Kd5 Ke8 78. Ke6 Kf8 79. Nc6 Ke8
80. Ne5 h5 81. f7+ Kf8 82. Nxg6+ Kg7 83. Ke7 Kxg6 84. f8=Q Kh7 85. Qf5+ Kg7 86.
Qf6+ Kg8 87. Qg6+ Kh8 88. Qxh5+ Kg8 89. Qg4 Kg7 90. h5 Kh7 91. g6+ Kg7 92. Qg5
Kg8 93. h6 Kh8 94. g7+ Kg8 95. Qd5+ Kh7 96. g8=Q+ Kxh6 97. Qh1# {NavilleLea est échec et mat} 1-0

[Event "Tournament 14471 - Europe Echecs"]
[Site "Europe Echecs"]
[Date "2020.07.09"]
[Round "9"]
[Time "18:23:23"]
[PlyCount "86"]
[White "CeroniArnaud"]
[Black "FoleyDaniel"]
[WhiteElo "1471"]
[BlackElo "1140"]
[Mode "WEB"]
[Result "1-0"]

1. Nf3 b6 2. d4 Bb7 3. c4 g6 4. Nc3 Bg7 5. e4 e6 6. Bd3 Ne7 7. O-O d6 8. Be3 O-O
9. Nd2 Qd7 10. f4 Na6 11. a3 c5 12. d5 exd5 13. cxd5 Rac8 14. Nb5 Bxb2 15. Ra2
Bg7 16. Nxa7 Rc7 17. Nb5 Rcc8 18. a4 Nb4 19. Ra3 Nxd3 20. Rxd3 c4 21. Ra3 f5 22.
Bxb6 fxe4 23. Nxe4 Bxd5 24. Nexd6 Rc6 25. Ba5 Qg4 26. Qxg4 c3 27. Bxc3 Bc4 28.
Bxg7 Rf7 29. Nxf7 Kxg7 30. Ng5 Bxf1 31. Kxf1 Rc1+ 32. Kf2 Rc2+ 33. Kg3 Nf5+ 34.
Kf3 Rc1 35. Ne6+ Kf7 36. Ned4 Rf1+ 37. Ke2 h5 38. Qg5 Rc1 39. Nxf5 gxf5 40.
Qxf5+ Ke7 41. Re3+ Kd8 42. Qd5+ Kc8 43. Re8# {FoleyDaniel est échec et mat} 1-0

[Event "Tournament 14471 - Europe Echecs"]
[Site "Europe Echecs"]
[Date "2020.07.09"]
[Round "9"]
[Time "18:23:23"]
[PlyCount "39"]
[White "YaghiLeen"]
[Black "RoubaudLouisAl"]
[WhiteElo "1438"]
[BlackElo "1101"]
[Mode "WEB"]
[Result "1-0"]

1. e4 e6 2. d4 d5 3. exd5 exd5 4. Nc3 Nc6 5. Nf3 Bb4 6. Bd3 Bxc3+ 7. bxc3 Nge7
8. O-O O-O 9. h3 Bf5 10. Ba3 Bxd3 11. Qxd3 Re8 12. Rab1 b6 13. Rbd1 Ng6 14. c4
dxc4 15. Qxc4 Re4 16. Qxc6 Rxd4 17. Rxd4 Ne7 18. Rxd8+ Rxd8 19. Bxe7 Rd1 {RoubaudLouisAl a abandonné} 1-0

[Event "Tournament 14471 - Europe Echecs"]
[Site "Europe Echecs"]
[Date "2020.07.09"]
[Round "9"]
[Time "18:23:23"]
[PlyCount "90"]
[White "CarobbioMaxime"]
[Black "BoucaudViallar"]
[WhiteElo "1080"]
[BlackElo "1329"]
[Mode "WEB"]
[Result "1-0"]

1. d4 d5 2. Nc3 Nf6 3. Bf4 Nc6 4. Nb5 e5 5. dxe5 Nxe5 6. Bxe5 Bd6 7. Nxd6+ cxd6
8. Bxf6 Qxf6 9. c3 O-O 10. e3 Re8 11. Bd3 d4 12. Qh5 g6 13. Qb5 dxe3 14. Qxe8+
Kg7 15. Qxe3 Bd7 16. O-O-O a5 17. Nf3 a4 18. Qb6 a3 19. Qxb7 Rc8 20. c4 Qxb2+
21. Qxb2+ axb2+ 22. Kxb2 Rb8+ 23. Kc3 Ba4 24. Rb1 Rc8 25. Rb4 Bd7 26. Rd1 d5 27.
Ne5 Be6 28. Re1 dxc4 29. Bxc4 Bf5 30. Rb3 Kf6 31. Rb6+ Kg7 32. f3 Be6 33. Re4 h5
34. Kd3 Rd8+ 35. Ke3 Bc8 36. Bxf7 Bf5 37. Rd4 Rc8 38. g4 hxg4 39. fxg4 Bb1 40.
Bxg6 Bxa2 41. Rd7+ Kh6 42. Bb1+ Kg5 43. Bxa2 Kh4 44. Rh7+ Kg5 45. Rg6# {BoucaudViallar est échec et mat} 1-0

[Event "Tournament 14471 - Europe Echecs"]
[Site "Europe Echecs"]
[Date "2020.07.09"]
[Round "9"]
[Time "18:23:23"]
[PlyCount "73"]
[White "GalimovAskar"]
[Black "MilaGabriel"]
[WhiteElo "1278"]
[BlackElo "1096"]
[Mode "WEB"]
[Result "0-1"]

1. d4 c5 2. c3 cxd4 3. cxd4 g6 4. Nc3 Bg7 5. e4 Nc6 6. Nf3 e5 7. d5 Nd4 8. Be3
Nxf3+ 9. Qxf3 Nf6 10. Bb5 O-O 11. O-O d6 12. Bg5 Bg4 13. Bxf6 Bxf3 14. Bxd8 Bxg2
15. Be7 Bxf1 16. Bxf8 Bxb5 17. Bxg7 Bd7 18. Bf6 h6 19. Bh4 g5 20. Bg3 f5 21. f3
fxe4 22. fxe4 Rf8 23. Rf1 Rc8 24. Rf6 Bh3 25. Rxd6 Rf8 26. Bf2 Kg7 27. Nd1 g4
28. Ne3 Rf3 29. Rd7+ Kg6 30. Rd6+ Kg5 31. Be1 Kf4 32. Ng2+ Kxe4 33. Rd8 Kd3 34.
Bh4 Ke2 35. Ne3 Kxe3 36. Rc8 Rf1# {GalimovAskar est échec et mat} 0-1

[Event "Tournament 14471 - Europe Echecs"]
[Site "Europe Echecs"]
[Date "2020.07.09"]
[Round "9"]
[Time "18:23:23"]
[PlyCount "93"]
[White "OuaichaHadyan"]
[Black "BataillePaul"]
[WhiteElo "1083"]
[BlackElo "1198"]
[Mode "WEB"]
[Result "0-1"]

1. e4 d5 2. Nc3 dxe4 3. Nxe4 Bf5 4. Bd3 Bxe4 5. Bxe4 Nf6 6. d3 Nxe4 7. dxe4
Qxd1+ 8. Kxd1 e5 9. Nf3 Nc6 10. Bg5 f6 11. Bh4 O-O-O+ 12. Ke2 Nb4 13. c3 Nc6 14.
Rad1 Bc5 15. Rd5 Rxd5 16. exd5 Ne7 17. Rd1 Rd8 18. c4 h5 19. Nxe5 fxe5 20. a3
Bd4 21. Rd2 Re8 22. b4 Nf5 23. Bg5 g6 24. c5 c6 25. dxc6 bxc6 26. Bf6 Re6 27.
Bg7 Nxg7 28. a4 Bc3 29. Rd3 Bxb4 30. Re3 Bxc5 31. Re4 Rf6 32. f3 Nf5 33. g4 Nd4+
34. Kd3 Rxf3+ 35. Kc4 Bd6 36. Re1 Nc2 37. Rd1 Ne3+ 38. Kd3 Nxd1+ 39. Ke2 Ra3 40.
g5 Rxa4 41. Kd3 Ra3+ 42. Kc2 Ra2+ 43. Kb1 Rxh2 44. Kc1 Ba3+ 45. Kb1 Nc3+ 46. Ka1
Bb2# {OuaichaHadyan est échec et mat} 0-1

[Event "Tournament 14471 - Europe Echecs"]
[Site "Europe Echecs"]
[Date "2020.07.09"]
[Round "9"]
[Time "18:23:23"]
[PlyCount "54"]
[White "SwietlikNicola"]
[Black "SurninZoya"]
[WhiteElo "1065"]
[BlackElo "1192"]
[Mode "WEB"]
[Result "1-0"]

1. e4 e5 2. Nf3 Nc6 3. d4 exd4 4. Nxd4 Nf6 5. Nxc6 bxc6 6. Nc3 Bb4 7. Bd3 d5 8.
e5 Nd7 9. Bf4 O-O 10. O-O Re8 11. Re1 d4 12. a3 Bxc3 13. bxc3 dxc3 14. Qh5 h6
15. Qf3 Bb7 16. Rab1 Rb8 17. Qg4 Re6 18. Bf5 h5 19. Qxh5 Rh6 20. Bxh6 gxh6 21.
Qxh6 Nf8 22. Re3 Ng6 23. Bxg6 fxg6 24. Qxg6+ Kf8 25. Rf3+ Ke7 26. Rf7+ Ke8 27.
Qg8# {SurninZoya est échec et mat} 1-0

[Event "Tournament 14471 - Europe Echecs"]
[Site "Europe Echecs"]
[Date "2020.07.09"]
[Round "9"]
[Time "18:23:23"]
[PlyCount "88"]
[White "BassingCassand"]
[Black "BernadetDaniel"]
[WhiteElo "1191"]
[BlackElo "1003"]
[Mode "WEB"]
[Result "1-0"]

1. e4 e5 2. Nf3 Nc6 3. Bc4 Bc5 4. O-O Nf6 5. d4 exd4 6. e5 Ne4 7. Nbd2 Nxd2 8.
Bxd2 O-O 9. Bg5 Qe8 10. Re1 d5 11. Bxd5 Bg4 12. h3 Bxf3 13. Qxf3 Nxe5 14. Qg3
Bd6 15. Bf4 c6 16. Bb3 Kh8 17. Bxe5 Bxe5 18. Rxe5 Qb8 19. Rae1 f6 20. Re7 Qxg3
21. fxg3 b5 22. Be6 h6 23. Rc7 c5 24. Rxc5 Rae8 25. Kf2 Re7 26. Bb3 Rxe1 27.
Kxe1 a6 28. Kd2 Rd8 29. Be6 Kh7 30. Bf5+ Kg8 31. g4 Rd6 32. Rc8+ Kf7 33. Kd3 Rd5
34. Rc6 h5 35. Be6+ Ke7 36. Bxd5 Kd7 37. Rxa6 Ke7 38. Ra7+ Kf8 39. Bc6 hxg4 40.
hxg4 b4 41. Kxd4 Kg8 42. Be4 b3 43. cxb3 Kh8 44. Ra8# {BernadetDaniel est échec et mat} 1-0

[Event "Tournament 14471 - Europe Echecs"]
[Site "Europe Echecs"]
[Date "2020.07.09"]
[Round "9"]
[Time "18:23:23"]
[PlyCount "43"]
[White "GilliotCorenti"]
[Black "DoucetPierreAl"]
[WhiteElo "1051"]
[BlackElo "1177"]
[Mode "WEB"]
[Result "0-1"]

1. d4 Nf6 2. c4 e6 3. Nc3 Bb4 4. e3 Ne4 5. Bd2 Nxd2 6. Qxd2 b6 7. a3 Bxc3 8.
Qxc3 Bb7 9. f3 Qh4+ 10. g3 Qf6 11. Nh3 Bxf3 12. Rg1 Bg4 13. Be2 Bxh3 14. O-O-O
O-O 15. Bd3 Bf5 16. Rdf1 Qg5 17. h4 Qxe3+ 18. Kc2 Qe2+ 19. Qd2 Bxd3+ 20. Kc3
Qxd2+ 21. Kxd2 Bxf1 {GilliotCorenti a abandonné} 0-1

[Event "Tournament 14471 - Europe Echecs"]
[Site "Europe Echecs"]
[Date "2020.07.09"]
[Round "9"]
[Time "18:23:23"]
[PlyCount "49"]
[White "PousVictor"]
[Black "DuplanManuel"]
[WhiteElo "1167"]
[BlackElo "1020"]
[Mode "WEB"]
[Result "0-1"]

1. e4 e5 2. Nf3 Nc6 3. d4 exd4 4. Nxd4 Nxd4 5. Qxd4 Nf6 6. Nc3 Be7 7. e5 Nh5 8.
Be2 g6 9. g3 Ng7 10. Bf4 Nf5 11. Qe4 d6 12. O-O-O Be6 13. Nd5 Qd7 14. Nf6+ Bxf6
15. exf6 O-O-O 16. Rd3 Rhe8 17. Ra3 a6 18. Rxa6 c6 19. Ra8+ Kc7 20. Ra7 Bxa2 21.
Qb4 Rb8 22. g4 Rxe2 23. gxf5 Qxf5 24. Be3 Qxc2# {PousVictor est échec et mat} 0-1

[Event "Tournament 14471 - Europe Echecs"]
[Site "Europe Echecs"]
[Date "2020.07.09"]
[Round "9"]
[Time "18:23:23"]
[PlyCount "101"]
[White "PommereulEmma"]
[Black "BarbierPestour"]
[WhiteElo "1161"]
[BlackElo "999"]
[Mode "WEB"]
[Result "0-1"]

1. e4 e5 2. Nf3 Nc6 3. Bc4 d6 4. c3 Be7 5. d4 Nf6 6. Bb5 Bd7 7. d5 Nb8 8. Bxd7+
Qxd7 9. Bg5 c6 10. dxc6 Nxc6 11. O-O O-O 12. c4 h6 13. Bh4 Nxe4 14. Re1 Bxh4 15.
Nxh4 Nf6 16. c5 dxc5 17. Qxd7 Nxd7 18. Nc3 b6 19. Nf3 f6 20. Rad1 Rad8 21. Nb5
Ndb8 22. Rxd8 Rxd8 23. Nc7 Nd4 24. Rd1 Nxf3+ 25. gxf3 Rxd1+ 26. Kg2 Rd2 27. Nb5
Rxb2 28. Nxa7 Rxa2 29. Nb5 c4 30. Nc3 Rc2 31. Na4 c3 32. Nxb6 Rb2 33. Nc4 c2 34.
Nxb2 c1=Q 35. Nd3 Qc3 36. Ne1 Qxe1 37. h3 e4 38. fxe4 Qxe4+ 39. Kg1 Nc6 40. Kh2
Qe5+ 41. Kg2 Nd4 42. Kf1 Qe2+ 43. Kg2 Nf3 44. Kg3 Qe4 45. Kg2 Ne1+ 46. Kf1 Nd3
47. Kg1 Qe2 48. h4 Qxf2+ 49. Kh1 Nf4 50. h5 Qg2# {PommereulEmma est échec et mat} 0-1

[Event "Tournament 14471 - Europe Echecs"]
[Site "Europe Echecs"]
[Date "2020.07.09"]
[Round "9"]
[Time "18:23:23"]
[PlyCount "64"]
[White "DubachNicolas"]
[Black "ChadiGillesMat"]
[WhiteElo "999"]
[BlackElo "1156"]
[Mode "WEB"]
[Result "1-0"]

1. d4 d5 2. c4 dxc4 3. Nf3 Nf6 4. e3 Bg4 5. Nbd2 Bxf3 6. Nxf3 e6 7. Bxc4 Bb4+ 8.
Bd2 Bxd2+ 9. Qxd2 Ne4 10. Qb4 Nc6 11. Qxb7 Qd7 12. Bb5 Rb8 13. Qxc6 Qxc6 14.
Bxc6+ Ke7 15. Bxe4 Rxb2 16. O-O f5 17. Bc6 Rhb8 18. Ba4 R8b4 19. Bb3 a5 20. Rfb1
Rxb1+ 21. Rxb1 a4 22. Bc2 Rc4 23. Bd3 Rc3 24. Ne5 Kf6 25. Kf1 g5 26. Ke2 f4 27.
Kd2 Ra3 28. Rb2 fxe3+ 29. fxe3 c5 30. Nc4 Rxd3+ 31. Kxd3 cxd4 32. exd4 {ChadiGillesMat a abandonné} 1-0